[Event "Olympiad Women 2024"]
[Site "Budapest HUN"]
[Date "2024.09.13"]
[Round "3.46"]
[Board "2"]
[White "Kaslan, Victoria"]
[Black "Geske, Bruna"]
[Result "0-1"]
[WhiteElo "1726"]
[BlackElo "2023"]
[PlyCount "76"]
[EventDate "2024.09.11"]
[WhiteTeam "Suriname"]
[BlackTeam "Albania"]
[WhiteTeamCountry "SUR"]
[BlackTeamCountry "ALB"]

1. e4 c5 2. Nf3 Nc6 3. d4 cxd4 4. Nxd4 Nf6 5. Nc3 e5 6. Ndb5 d6 7. Nd5 Nxd5 8. exd5 Nb8 9. a4 Be7 10. b4 O-O ({RR} 10... a6 11. Na3 a5 12. Bb5+ Bd7 13. bxa5 Qxa5+ 14. Bd2 Qc7 15. O-O O-O 16. c4 Na6 17. Be3 Bf5 18. Bxa6 Rxa6 19. Qb3 b6 20. Qb4 Rc8 21. Rfc1 g5 22. Nb5 Qd8 23. Ra3 Bg6 24. Rb3 Qd7 25. Nc3 {0-1 Diaz Rosas,J (2406)-Ibarra Chami,L (2423) ch-Mexico 2024 (4.3)}) 11. a5 Bd7 $146 ({RR} 11... a6 12. Na3 Nd7 13. Be2 f5 14. O-O e4 15. Nc4 f4 16. Bg4 Qc7 17. Be6+ Kh8 18. Qe2 f3 19. Qxe4 Nf6 20. Qd4 Bxe6 21. dxe6 d5 22. Ne5 fxg2 23. Re1 Qxc2 24. Bb2 Qf5 25. Nf7+ Kg8 26. Re5 {1-0 Hoffmann,M (2413)-Dauw,S (2215) Pays de Charleroi Open 2023 (6.3)}) ({RR} 11... Bf5 12. Be2 Nd7 13. O-O a6 14. Na3 Bg6 15. c4 Kh8 16. Nc2 Bg5 17. Ra3 Rc8 18. Kh1 Qe7 19. Bxg5 Qxg5 20. Qc1 Qe7 21. Qd2 Rfe8 22. Rc3 f5 23. f4 Nf6 24. Bf3 Qf7 25. g3 Bh5 26. Bg2 {½-½ Cheparinov,I (2660)-Gukesh,D (2732) 6th Sharjah Masters 2023 (2.2)}) 12. Be3 Bxb5 13. Bxb5 f5 14. O-O a6 15. Bb6 Qc8 16. Be2 Nd7 17. Be3 f4 18. Bd2 b5 19. Rc1 Qb7 20. c4 Nf6 21. Qb3 Ne4 22. Be1 bxc4 23. Bxc4 f3 24. gxf3 Ng5 25. Be2 Nh3+ 26. Kh1 Nf4 27. Bc4 Rf6 28. Rg1 Raf8 29. b5 Rh6 30. Bf1 Bd8 31. Rc6 Qf7 32. Rg3 Bh4 33. Rg4 Qh5 34. Qe3 Bg3 35. h4 Bxh4 36. Kg1 Bg3 37. Bg2 Qh2+ 38. Kf1 Qxg2# 0-1

[Event "Olympiad Women 2024"]
[Site "Budapest HUN"]
[Date "2024.09.13"]
[Round "3.46"]
[Board "3"]
[White "Caku, Kler"]
[Black "Kaslan, Alexandra"]
[Result "1-0"]
[WhiteElo "1859"]
[BlackElo "1675"]
[PlyCount "71"]
[EventDate "2024.09.11"]
[WhiteTeam "Albania"]
[BlackTeam "Suriname"]
[WhiteTeamCountry "ALB"]
[BlackTeamCountry "SUR"]

1. e4 e6 2. d4 d5 3. Nd2 Nf6 4. e5 Nfd7 5. Bd3 c5 6. c3 Nc6 7. Ne2 Qb6 8. Nf3 Be7 9. O-O h6 10. Re1 O-O 11. Bb1 f5 12. exf6 Nxf6 13. Nf4 cxd4 $146 ({RR} 13... Nd8 14. Ng6 Re8 15. Nfe5 Nc6 16. Qc2 cxd4 17. Nxc6 bxc6 18. Ne5 dxc3 19. bxc3 Bc5 20. Be3 Ne4 21. Bxc5 Qxc5 22. Rxe4 dxe4 23. Qxe4 Qxc3 24. Qh7+ Kf8 25. Qh8+ Ke7 26. Qxg7+ Kd8 27. Nf7+ Ke7 28. Qxc3 {1-0 Sanz,C-Recuero Guerra,J Asturias-chT Primera A 1998 (8)}) 14. cxd4 Bb4 15. Re2 Ne7 16. Qb3 Qd6 17. Ne5 Nf5 18. Bxf5 exf5 19. Nfg6 Re8 20. a3 Ba5 21. Bf4 Qb6 22. Qd3 Qa6 23. Qf3 Ne4 24. Rc2 Be6 25. Qh3 Kh7 26. f3 Nf6 27. Qh4 Bb6 28. Rd1 Bd8 29. Qf2 Nh5 30. Be3 Bf6 31. g4 fxg4 32. fxg4 Bxg4 33. Nxg4 Kxg6 34. Qg2 Rad8 35. Ne5+ Kh7 36. Qg6+ 1-0

[Event "Olympiad Women 2024"]
[Site "Budapest HUN"]
[Date "2024.09.13"]
[Round "3.46"]
[Board "4"]
[White "Tjong Tjin Joe, Maylee"]
[Black "Shabanaj, Eglantina"]
[Result "0-1"]
[WhiteElo "1665"]
[BlackElo "1957"]
[PlyCount "72"]
[EventDate "2024.09.11"]
[WhiteTeam "Suriname"]
[BlackTeam "Albania"]
[WhiteTeamCountry "SUR"]
[BlackTeamCountry "ALB"]

1. e4 e6 2. d4 d5 3. Nd2 c5 4. Ngf3 Nc6 5. Bb5 Bd7 6. Bxc6 ({RR} 6. O-O cxd4 7. Bxc6 bxc6 8. Nxd4 c5 9. N4f3 d4 10. Nc4 Nf6 11. Re1 Be7 12. Bf4 O-O 13. Nfe5 Bb5 14. b3 Rc8 15. a4 Bxc4 16. Nxc4 Qd7 17. Qf3 Rfd8 18. Rad1 Qb7 19. Qg3 Nxe4 20. Qf3 Nd6 {0-1 Steenbekkers,F (2164)-Golubenko,V (2209) Titled Tuesday intern op 16th Nov blitz 2021 (5)}) ({RR} 6. Qe2 a6 7. exd5 Nxd4 8. Bxd7+ Qxd7 9. dxe6 Qxe6 10. Nxd4 Qxe2+ 11. Nxe2 Bd6 12. Ne4 Be7 13. Be3 b6 14. N2c3 Nf6 15. Nxf6+ Bxf6 16. Na4 b5 17. Nb6 Rb8 18. Bxc5 Bxb2 19. Rd1 Rd8 20. Rxd8+ Kxd8 {½-½ Ferenczy,L (1283)-Bencsics,B Mosonmagyarovar Polip Kupa-C 2nd 2022 (2)}) 6... Bxc6 7. e5 Qb6 8. c3 Qa6 $146 ({RR} 8... Nh6 9. Nb3 Nf5 10. Qc2 Rc8 11. Be3 cxd4 12. Nfxd4 Nxe3 13. fxe3 Be7 14. O-O O-O 15. Rf3 Qc7 16. Rh3 g6 17. Nf3 Qb6 18. Nbd4 a5 19. Rg3 Qd8 20. Rf1 b5 21. Nxc6 Rxc6 22. Nd4 Rb6 23. Qe2 {1-0 Shihaliev,L-Zaynutdinov,M Uljanovsk Povolje op 2011 (8)}) ({RR} 8... Bb5 9. a4 Bd3 10. h4 Nh6 11. Nf1 Be4 12. N1h2 cxd4 13. cxd4 Rc8 14. O-O Bc2 15. Qd2 Bb4 16. Qg5 Nf5 17. g4 h6 18. Qf4 Ne7 19. h5 Bd3 20. g5 Bxf1 21. Nxf1 Nf5 22. Ng3 hxg5 23. Qxg5 {0-1 Heyder,S (1339)-Stoer,N (1705) Dortmund Sparkassen op-B 2011 (6)}) 9. dxc5 Bxc5 10. b4 Be7 11. a4 Qd3 12. Bb2 Nh6 13. Nb3 Qxd1+ 14. Kxd1 a6 15. Nbd4 O-O 16. Bc1 Ng4 17. Rf1 Bd7 18. h3 Nh6 19. g4 Rac8 20. g5 Nf5 21. Bd2 Rc4 22. Nxf5 exf5 23. h4 f4 24. Rg1 d4 25. cxd4 Bxb4 26. Bxf4 Bc3 27. Rc1 Bxa4+ 28. Ke2 Bb5 29. Ke3 Rfc8 30. Rcd1 Bb2 31. h5 Rc3+ 32. Ke4 Be2 33. Nd2 Bxh5 34. Be3 Bxd1 35. Rxd1 a5 36. d5 a4 0-1

[Event "Olympiad Women 2024"]
[Site "Budapest HUN"]
[Date "2024.09.13"]
[Round "3.47"]
[Board "1"]
[White "Laamim, Roaa"]
[Black "Rovira Contreras, Tairu Manuela"]
[Result "0-1"]
[WhiteElo "1879"]
[BlackElo "2022"]
[PlyCount "102"]
[EventDate "2024.09.11"]
[WhiteTeam "Morocco"]
[BlackTeam "Venezuela"]
[WhiteTeamCountry "MAR"]
[BlackTeamCountry "VEN"]

1. e4 e5 2. Nf3 Nc6 3. d4 exd4 4. Nxd4 Nf6 5. Nc3 Bb4 6. Nxc6 bxc6 7. Bd3 d5 8. exd5 cxd5 9. O-O O-O 10. h3 Be6 11. Qf3 c6 12. Bf4 Bd6 13. Ne2 c5 14. Rad1 Rb8 15. b3 Rb6 ({RR} 15... Re8 16. Rfe1 Bxf4 17. Nxf4 Qd6 18. Qg3 Red8 19. Re2 Rb4 20. c4 d4 21. Rde1 Bd7 22. Re5 Rb6 23. Qh4 Rbb8 24. Nd5 h6 25. Nxf6+ Qxf6 26. Qxf6 gxf6 27. Rxc5 Be6 28. Ra5 Rd7 29. Kf1 Kf8 30. Ke2 {1-0 Xiong,J (2709)-Abdusattorov,N (2627) Titled Tuesday intern op 25th May blitz 2021 (10)}) 16. c4 ({RR} 16. Bxd6 Rxd6 17. Nf4 Bd7 18. Qe3 Qc7 19. c4 d4 20. Qg3 Bc6 21. Rde1 Rd7 22. Qg5 Qd6 23. b4 cxb4 24. c5 Qb8 25. Qf5 Bb5 26. Nh5 Bxd3 27. Nxf6+ gxf6 28. Qxd7 Bxf1 29. Qg4+ Kh8 30. Qxd4 Qd8 {½-½ Raghav V (2056)-Jaiveer,M (2220) 24th Tamil Nadu IM 2024 (4.3)}) 16... d4 17. Rfe1 Bc8 18. Ng3 $146 ({RR} 18. Bg5 h6 19. Bxf6 Qxf6 20. Qxf6 gxf6 21. Ng3 Bxg3 22. fxg3 Be6 23. Rf1 Kg7 24. Rf4 Re8 25. Re1 a5 26. Rg4+ Kf8 27. Rh4 a4 28. Bc2 axb3 29. axb3 Kg7 30. Rh5 Rc6 31. b4 cxb4 32. Ba4 Rec8 {½-½ Zelbel,P (2458)-Kasimdzhanov,R (2659) Bundesliga 2122 2022 (2.3)}) 18... Bb7 19. Ne4 Bxe4 20. Bxe4 Qc7 21. Bg5 Nd7 22. Qf5 g6 23. Qg4 Kg7 24. Qh4 h5 25. Bd2 Rbb8 26. Qg5 Rh8 27. f4 Qd8 28. Qg3 Nf6 29. Qf3 Qc7 30. f5 Nd7 31. fxg6 fxg6 32. Bd5 Rhf8 33. Qd3 Ne5 34. Qe4 Rbe8 35. Qh4 Nd3 36. Rxe8 Bh2+ 37. Kh1 Nf2+ 38. Qxf2 Rxf2 39. Bg5 Bd6 40. Rg8+ Kh7 41. Re1 Rf5 42. Bd8 Qd7 43. g4 Rf8 44. Rxf8 Bxf8 45. Bg5 d3 46. Rf1 Bg7 47. Rf3 hxg4 48. Rxd3 Qf5 49. Rg3 Qxg5 50. Rxg4 Qc1+ 51. Kg2 Bd4 0-1

[Event "Olympiad Women 2024"]
[Site "Budapest HUN"]
[Date "2024.09.13"]
[Round "3.47"]
[Board "2"]
[White "Otazo Sanchez, Annyd Gabriela"]
[Black "Chemaou lilya"]
[Result "1-0"]
[WhiteElo "1976"]
[BlackElo "1565"]
[PlyCount "87"]
[EventDate "2024.09.11"]
[WhiteTeam "Venezuela"]
[BlackTeam "Morocco"]
[WhiteTeamCountry "VEN"]
[BlackTeamCountry "MAR"]

1. e4 c5 2. Bc4 d6 3. c3 Nf6 4. d3 Nc6 5. Bb3 g6 6. f4 Bg7 7. Nf3 O-O 8. Nbd2 $146 ({RR} 8. O-O b5 9. e5 dxe5 10. fxe5 Nd5 11. d4 cxd4 12. cxd4 b4 13. Ng5 f6 14. exf6 exf6 15. Qf3 Nce7 16. Qe4 fxg5 17. Rxf8+ Kxf8 18. Bxg5 Bf5 19. Qh4 h6 20. Bxh6 Bxh6 21. Qxh6+ Kf7 22. Qh7+ Kf6 {0-1 Machalek,B (2050)-Weiss,T (2255) Staufer op 11th 1999 (6)}) 8... Rb8 9. Nf1 Na5 10. Bc2 b5 11. a3 Be6 12. Ng3 Qd7 13. O-O Bg4 14. h3 Bxf3 15. Qxf3 Qc6 16. Bd2 e6 17. Rae1 b4 18. axb4 cxb4 19. Ra1 b3 20. Bd1 Qc7 21. Kh1 Nd7 22. Be2 f5 23. exf5 gxf5 24. Nh5 Nf6 25. Nxg7 Kxg7 26. c4 Nc6 27. Bc3 h6 28. Qg3+ Kh7 29. Qh4 Qf7 30. Bf3 d5 31. Bxf6 Qxf6 32. Qxf6 Rxf6 33. cxd5 Nb4 34. Rxa7+ Kg8 35. dxe6 Rxe6 36. d4 Rd6 37. Rd1 Rbd8 38. Ra8 Rxa8 39. Bxa8 Nc2 40. d5 Nb4 41. Rd4 Nc2 42. Rd3 Nb4 43. Rxb3 Nxd5 44. Rd3 1-0

[Event "Olympiad Women 2024"]
[Site "Budapest HUN"]
[Date "2024.09.13"]
[Round "3.47"]
[Board "3"]
[White "El Harrak, Maryam"]
[Black "Perez Hernandez, Vicmary C."]
[Result "0-1"]
[WhiteElo "1639"]
[BlackElo "1960"]
[PlyCount "42"]
[EventDate "2024.09.11"]
[WhiteTeam "Morocco"]
[BlackTeam "Venezuela"]
[WhiteTeamCountry "MAR"]
[BlackTeamCountry "VEN"]

1. d4 Nf6 2. c4 g6 3. Nf3 Bg7 4. g3 O-O 5. Bg2 d6 6. O-O Nc6 7. Nc3 a6 8. e4 Bg4 9. Be3 Re8 10. Qd2 ({RR} 10. Qc2 Bxf3 11. Bxf3 e5 12. d5 Nd4 13. Bxd4 exd4 14. Ne2 Qe7 15. Rfe1 {½-½ Graf,A (2584)-Kasimdzhanov,R (2603) Groningen op 1999 (11)}) 10... Bxf3 11. Bxf3 e5 12. Ne2 $146 ({RR} 12. d5 Nd4 13. Bg2 c5 14. dxc6 bxc6 15. b4 Ng4 16. Rab1 Nxe3 17. fxe3 Ne6 18. a4 Qb6 19. b5 Bh6 20. Rfe1 axb5 21. cxb5 Qa5 22. bxc6 Rac8 23. Rb5 Qd8 24. Qd5 Nc7 25. Qc4 Nxb5 26. axb5 Qa5 {1-0 Kainulainen,J (2153)-Nordlund,J FIN-chT1C 0506 2005 (6.4)}) ({RR} 12. d5 Nd4 13. Bg2 c5 14. Ne2 Ng4 15. Bg5 Bf6 16. Bxf6 Nxf6 17. Nxd4 exd4 18. Rae1 b5 19. b3 Ra7 20. Re2 Rae7 21. Rfe1 bxc4 22. bxc4 Ng4 23. Rb1 Ne5 24. Qc1 Qa5 25. h3 Qa4 26. Rc2 Nd3 {0-1 Mukovskiy,P (1914)-Raiko,Y (1841) World Rapid Team 2023 (9.5)}) ({RR} 12. d5 Nd4 13. Bg2 c5 14. h3 Qa5 15. f4 b5 16. fxe5 dxe5 17. cxb5 axb5 18. Bg5 Nd7 19. Qf2 f6 20. Be3 b4 21. Nd1 Nb3 22. axb3 Qxa1 23. h4 Qa6 24. Bh3 Qd6 25. Bxd7 Qxd7 26. Bxc5 Qb5 {0-1 Gospodinov,G (2054)-Danov,R (1812) BUL-chT2 Albena 2011 (2.1)}) 12... exd4 13. Nxd4 Nxe4 14. Bxe4 Rxe4 15. Nxc6 bxc6 16. Rac1 Qf6 17. Rc2 h5 18. b4 Qf5 19. a4 h4 20. f3 Rxe3 21. Qxe3 Qxc2 0-1

[Event "Olympiad Women 2024"]
[Site "Budapest HUN"]
[Date "2024.09.13"]
[Round "3.47"]
[Board "4"]
[White "Pena Gonzalez, Clara Isabel"]
[Black "El Barbry, Sarah"]
[Result "1-0"]
[WhiteElo "1895"]
[BlackElo "1862"]
[PlyCount "131"]
[EventDate "2024.09.11"]
[WhiteTeam "Venezuela"]
[BlackTeam "Morocco"]
[WhiteTeamCountry "VEN"]
[BlackTeamCountry "MAR"]

1. e4 e6 2. d4 d5 3. Nd2 Nc6 4. Ngf3 Nf6 5. e5 Nd7 6. Bb5 Be7 7. Qe2 $146 ({RR} 7. O-O O-O 8. b3 a6 9. Be2 b5 10. Bb2 Bb7 11. a3 Na5 12. Bc3 Nc6 13. Ne1 b4 14. axb4 Nxb4 15. f4 c5 16. Bxb4 cxb4 17. Bd3 Qb6 18. Ndf3 f5 19. Kh1 a5 20. Rg1 Ba6 {½-½ Rossetto,H-Guimard,C Mar del Plata International-13 1950 (9)}) ({RR} 7. O-O O-O 8. Re1 a6 9. Bxc6 bxc6 10. Nb3 c5 11. Na5 Nb8 12. a3 cxd4 13. Nxd4 c5 14. Ndc6 Nxc6 15. Nxc6 Qd7 16. Nxe7+ Qxe7 17. Qg4 f5 18. exf6 Qxf6 19. Qg3 Bb7 20. Bg5 Qg6 21. Be7 Qxg3 {1-0 Hammer,J (2680)-Balog,I (2537) Titled Tuesday intern op 6th Oct blitz 2015 (4)}) ({RR} 7. O-O O-O 8. Re1 a6 9. Ba4 Nb6 10. Bb3 Na5 11. Nf1 c5 12. c3 cxd4 13. cxd4 Nxb3 14. Qxb3 Bd7 15. Bd2 Ba4 16. Qd3 Nc4 17. b3 Nxd2 18. N1xd2 Bb5 19. Qe3 Rc8 20. Rac1 Ba3 21. Rxc8 Qxc8 {0-1 Bezerra,N (1991)-Roienko,A (2162) Titled Tue 6th Jun Late 2023 (2)}) ({RR} 7. Nb3 a5 8. a4 O-O 9. O-O f6 10. exf6 gxf6 11. Bxc6 bxc6 12. Qe1 Nb6 13. Nxa5 Qd6 14. Qc3 c5 15. dxc5 Qxc5 16. Qxc5 Bxc5 17. Nb3 Rxa4 18. Bh6 Bd6 19. Bxf8 Kxf8 20. Rxa4 Nxa4 21. Nbd4 e5 {½-½ Van Schoor,K-Van den Broeck,H BEL-ch Blankenberge 1958 (5)}) 7... Nb4 8. Ba4 c5 9. c3 Nc6 10. O-O O-O 11. dxc5 Nxc5 12. Bc2 Qc7 13. Re1 a5 14. Nb3 b6 15. Nxc5 bxc5 16. Ng5 g6 17. Nxh7 Qxe5 18. Qxe5 Nxe5 19. Nxf8 Bf6 20. f4 Nc4 21. Nxg6 fxg6 22. Bd3 Kf7 23. Bxc4 dxc4 24. Be3 Rb8 25. Re2 Be7 26. Rd1 a4 27. a3 Rb7 28. Red2 Rb6 29. h3 Rb7 30. g4 Rb6 31. Kg2 Bb7+ 32. Kg3 Be4 33. h4 Bd3 34. Rh1 Kg7 35. h5 Kh6 36. hxg6+ Kxg6 37. f5+ Kg7 38. Rh6 Bf6 39. Kf2 exf5 40. g5 Bd8 41. Rxb6 Bxb6 42. Kg3 Bc7+ 43. Bf4 Bd8 44. Rh2 Be7 45. Rh6 Be4 46. Ra6 Bc2 47. Ra7 Kf8 48. g6 Be4 49. Bh6+ Ke8 50. g7 f4+ 51. Kxf4 Bh7 52. Ra8+ Kf7 53. Rf8+ Kg6 54. g8=Q+ Bxg8 55. Rxg8+ Kxh6 56. Ra8 Kg6 57. Rxa4 Bg5+ 58. Ke4 Bc1 59. Rxc4 Kf6 60. Rxc5 Bxb2 61. a4 Ba3 62. Rb5 Ke6 63. a5 Kd6 64. a6 Kc6 65. c4 Bc5 66. Rxc5+ 1-0

[Event "Olympiad Women 2024"]
[Site "Budapest HUN"]
[Date "2024.09.13"]
[Round "3.48"]
[Board "1"]
[White "Gomez Barrera, Javiera Belen"]
[Black "Chen, Chi"]
[Result "1-0"]
[WhiteElo "2123"]
[BlackElo "1746"]
[PlyCount "41"]
[EventDate "2024.09.11"]
[WhiteTeam "Chile"]
[BlackTeam "Chinese Taipei"]
[WhiteTeamCountry "CHI"]

1. e4 c5 2. Nf3 e6 3. d4 cxd4 4. Nxd4 Nc6 5. Nc3 Qc7 6. Be3 a6 7. g4 b5 8. Nxc6 Qxc6 9. Qd2 b4 10. Ne2 Nf6 ({RR} 10... Qxe4 11. Rg1 Qc4 12. Nf4 Qc7 13. O-O-O Nf6 14. Bg2 Bb7 15. g5 Ne4 16. Qd4 Nd6 17. Qxb4 Bxg2 18. Nxg2 Rb8 19. Qa4 a5 20. Bd2 Nc4 21. Bc3 Bb4 22. Bxg7 Rg8 23. Bf6 Be7 24. Bc3 Bxg5+ 25. Ne3 {½-½ Karjakin,S (2758)-Rapport,R (2760) Norway Chess 9th 2021 (2)}) ({RR} 10... Qxe4 11. Rg1 Qc4 12. Ng3 Qc7 13. O-O-O Ne7 14. Nh5 Nd5 15. Bd4 Rg8 16. Bd3 Bb7 17. Bxh7 Rh8 18. Be4 O-O-O 19. Rge1 Kb8 20. Kb1 Rc8 21. h3 Ka8 22. Qd3 Qa5 23. Nxg7 Rg8 24. Nh5 Rg5 25. f4 {1-0 Hoanca,A (1748)-Pirvulescu,E (2091) ch-ROU Women 2024 (5.8)}) 11. f3 d5 12. g5 $146 ({RR} 12. e5 Nd7 13. Nd4 Qc7 14. f4 Bc5 15. O-O-O Bb7 16. Kb1 Bxd4 17. Qxd4 a5 18. Bd3 Ba6 19. Rc1 O-O 20. h4 Rfb8 21. h5 a4 22. g5 b3 23. cxb3 Bxd3+ 24. Qxd3 Qb7 25. g6 fxg6 26. hxg6 h6 {1-0 Yuan,Q (2373)-Nguyen,H (1697) Titled Tuesday intern op 20th July blitz 2021 (2)}) ({RR} 12. Nd4 Qb7 13. g5 Nd7 14. O-O-O e5 15. exd5 exd4 16. Bxd4 Bd6 17. Bxg7 Rg8 18. Bd4 Qc7 19. Kb1 Bb7 20. Re1+ Kd8 21. h4 Re8 22. Bh3 Ne5 23. f4 Nf3 24. Rxe8+ Kxe8 25. Qe3+ Kf8 26. Qxf3 Qc4 {1-0 Paravyan,D (2612)-Srihari,L (2416) Titled Tue 27th Jun Early 2023 (6)}) 12... Nd7 13. exd5 exd5 14. O-O-O Bb7 15. Nf4 Rc8 16. Bh3 Be7 17. Nxd5 Rd8 18. Nxe7 Kxe7 19. Qxb4+ Ke8 20. Rhe1 Ne5 21. Rxd8+ 1-0

[Event "Olympiad Women 2024"]
[Site "Budapest HUN"]
[Date "2024.09.13"]
[Round "3.48"]
[Board "2"]
[White "Shih, Ching-An"]
[Black "Abarca Gonzalez, Damaris"]
[Result "0-1"]
[WhiteElo "1734"]
[BlackElo "1991"]
[PlyCount "66"]
[EventDate "2024.09.11"]
[WhiteTeam "Chinese Taipei"]
[BlackTeam "Chile"]
[BlackTeamCountry "CHI"]

1. d4 d5 2. Nf3 c6 3. e3 Nf6 4. c4 Bf5 5. Nc3 e6 6. Be2 Bd6 7. cxd5 ({RR} 7. Nh4 Bg6 8. Nxg6 hxg6 9. g3 Nbd7 10. Qd3 Qe7 11. Bd2 Bb4 12. a3 Bxc3 13. Bxc3 Ne4 14. Bf3 f5 15. Bg2 Qg5 16. b3 Ndf6 17. Ra2 Kf7 18. Rc2 Rh7 19. f3 Nxc3 20. f4 Qg4 21. Qxc3 Rxh2 {0-1 Bator,R (2445)-Gretarsson,H (2465) Gausdal Eikrem Memorial 1996 (9)}) 7... exd5 ({RR} 7... cxd5 8. Bb5+ Nc6 9. Qa4 O-O 10. Bxc6 bxc6 11. Qxc6 Rc8 12. Qa4 Rc4 13. Qd1 h6 14. O-O Bc7 15. Nb5 Bc2 16. Qd2 Bb8 17. b3 Rc6 18. Bb2 Bc7 19. Nxa7 Ra6 20. Qxc2 Rxa7 21. Ne5 Nh5 22. Nc6 {1-0 Varniga,R-Duong,H Eastern Asia-ch U08 Girls 2021 (3)}) 8. O-O O-O $146 ({RR} 8... Nbd7 9. b3 O-O 10. Bb2 Re8 11. Rc1 Rc8 12. h3 Ne4 13. Nxe4 Bxe4 14. Bd3 Nf6 15. Ne5 Qe7 16. Be2 Nd7 17. Nxd7 Qxd7 18. Bg4 Bf5 19. Bxf5 Qxf5 20. Qc2 Qg5 21. Qe2 Re4 22. Rc2 Rce8 23. Qd1 {½-½ Shangaraev,R-Ermakov,I Bashkorstostan-ch sf 2010 (1)}) 9. b3 h6 10. Bb2 Nbd7 11. Qc1 Re8 12. Ba3 Bc7 13. Na4 Ne4 14. Nc5 Ndxc5 15. dxc5 Ng5 16. Bb2 Nxf3+ 17. Bxf3 Qh4 18. g3 Qg5 19. Bg2 h5 20. f4 Qg6 21. Bd4 h4 22. Kf2 h3 23. Bf3 b6 24. g4 Be4 25. Qd1 Bxf3 26. Qxf3 bxc5 27. f5 Qd6 28. Bxc5 Qxc5 29. Qxh3 Qc2+ 30. Kg1 Rxe3 31. Qh4 Re2 32. Rf2 Rxf2 33. Qxf2 Bb6 0-1

[Event "Olympiad Women 2024"]
[Site "Budapest HUN"]
[Date "2024.09.13"]
[Round "3.48"]
[Board "3"]
[White "Morales Flores, Monserrat"]
[Black "Chen, I-Chen"]
[Result "1-0"]
[WhiteElo "1938"]
[BlackElo "1771"]
[PlyCount "63"]
[EventDate "2024.09.11"]
[WhiteTeam "Chile"]
[BlackTeam "Chinese Taipei"]
[WhiteTeamCountry "CHI"]

1. e4 c6 2. d4 d5 3. Nc3 dxe4 4. Nxe4 Nf6 5. Nxf6+ exf6 6. c3 Bd6 7. Bd3 O-O 8. Ne2 h5 ({RR} 8... Nd7 9. Qc2 h6 10. O-O Re8 11. Be3 Nf8 12. Rfe1 Bg4 13. h3 Bh5 14. Nf4 Bxf4 15. Bxf4 Bg6 16. Be3 Qa5 17. a4 Qh5 18. Rad1 Rad8 19. b4 Bxd3 20. Qxd3 Ng6 21. b5 f5 22. f3 Nh4 23. Bf4 {1-0 Swiercz,D (2654)-Zvjaginsev,V (2659) FIDE World Cup 2013 (1.4)}) 9. Be3 ({RR} 9. Qc2 h4 10. Be3 Re8 11. O-O-O Nd7 12. g3 Nf8 13. gxh4 Be6 14. Kb1 b5 15. Rdg1 Qa5 16. b3 Qc7 17. Bh6 g6 18. h5 f5 19. hxg6 fxg6 20. Bxf8 Kxf8 21. Rxg6 Qf7 22. Rhg1 Re7 23. R1g5 Ke8 {1-0 Xie,I (1852)-Barbaric,V (2147) Titled Tue 10th Sep Late 2024 (8)}) 9... Be6 10. Ng3 $146 ({RR} 10. Qc2 Nd7 11. O-O-O Re8 12. c4 Rc8 13. Kb1 Nf8 14. Nc3 Bb4 15. Ne4 Be7 16. Nc5 Bxc5 17. dxc5 Qa5 18. a3 Rcd8 19. h3 g6 20. Ka1 Bc8 21. g4 h4 22. Be4 Qc7 23. Rxd8 Rxd8 24. f4 Re8 {1-0 Gukesh,D (2497)-Solozhenkina,E (2279) Gibraltar Masters 17th 2019 (6)}) 10... Bg4 11. Qd2 h4 12. Nf5 Bxf5 13. Bxf5 Re8 14. O-O Qc7 15. h3 Nd7 16. c4 Rad8 17. Rfe1 Nf8 18. Rad1 Ne6 19. a3 b6 20. b4 Nf4 21. c5 bxc5 22. bxc5 Be5 23. Qc1 Nd5 24. dxe5 Qxe5 25. Bg4 Nxe3 26. Rxe3 Qc7 27. Rde1 Rxe3 28. Qxe3 Qa5 29. Bf5 g6 30. Bg4 Rd5 31. Qe8+ Kg7 32. Re7 1-0

[Event "Olympiad Women 2024"]
[Site "Budapest HUN"]
[Date "2024.09.13"]
[Round "3.48"]
[Board "4"]
[White "Tsai, Sophie Yi-Hsuan"]
[Black "Romero Troncoso, Liset Anais"]
[Result "0-1"]
[WhiteElo "1668"]
[BlackElo "1834"]
[PlyCount "104"]
[EventDate "2024.09.11"]
[WhiteTeam "Chinese Taipei"]
[BlackTeam "Chile"]
[BlackTeamCountry "CHI"]

1. e4 e5 2. Nf3 Nc6 3. Bc4 Bc5 4. c3 Nf6 5. d3 d6 6. b4 Bb6 7. Qb3 O-O 8. Bg5 h6 9. Bh4 a5 ({RR} 9... g5 10. Bg3 Bd7 11. Nbd2 a5 12. b5 a4 13. Qd1 Ne7 14. h3 Ng6 15. h4 g4 16. h5 Nf4 17. Nh4 N4xh5 18. Nf1 c6 19. bxc6 bxc6 20. Qd2 Kg7 21. Ne3 Bxe3 22. Qxe3 Rh8 23. a3 Qa5 24. O-O {0-1 Kashthuri,B (1765)-Gunawardhana,D (1980) 40th World Junior Girls 2024 (8.13)}) 10. b5 a4 11. Qc2 Na5 12. Qxa4 $146 ({RR} 12. Nbd2 Bd7 13. Qxa4 Nxc4 14. Qxc4 Be6 15. Qb4 g5 16. Bg3 Bxa2 17. Qb2 Be6 18. O-O Ra5 19. Rxa5 Bxa5 20. Ra1 c5 21. bxc6 bxc6 22. Qa3 Bc7 23. d4 Nd7 24. c4 f6 25. Qa6 Nb8 26. Qa2 Bb6 {1-0 De Silva,J (1600)-Kuehn,K (1427) Baden-ch U14 2012 (7)}) 12... Nxc4 13. Qxc4 Be6 14. Qb4 Bxa2 15. O-O g5 16. Bg3 Be6 17. Nbd2 Rxa1 18. Rxa1 g4 19. Nh4 Nh5 20. Kh1 Qg5 21. Qb2 Nf4 22. Qc2 h5 23. Nc4 Bxc4 24. dxc4 Ng6 25. Nxg6 fxg6 26. Qc1 Qxc1+ 27. Rxc1 Bxf2 28. Ra1 Be3 29. h3 gxh3 30. gxh3 Kh7 31. Kg2 g5 32. Ra2 Kg6 33. Re2 Bc5 34. Ra2 Bb6 35. Bh2 h4 36. Rc2 Ra8 37. Rb2 Ra3 38. Rc2 Ra4 39. c5 Bxc5 40. c4 Ra3 41. Rc1 Ra2+ 42. Kh1 Kh5 43. Rf1 Bf2 44. Rc1 g4 45. hxg4+ Kxg4 46. c5 Bd4 47. b6 cxb6 48. cxd6 Kh3 49. Bxe5 Bxe5 50. Rd1 Bxd6 51. Rd3+ Bg3 52. Rd1 Re2 0-1

[Event "Olympiad Women 2024"]
[Site "Budapest HUN"]
[Date "2024.09.13"]
[Round "3.49"]
[Board "1"]
[White "Feng, Eunice"]
[Black "Lindiawati, Evi"]
[Result "1-0"]
[WhiteElo "1974"]
[BlackElo "1940"]
[PlyCount "79"]
[EventDate "2024.09.11"]
[WhiteTeam "Hong Kong, China"]
[BlackTeam "Indonesia"]
[BlackTeamCountry "INA"]

1. e4 d5 2. exd5 Qxd5 3. Nc3 Qd6 4. d4 Nf6 5. Nf3 a6 6. Be2 Nc6 7. h3 Bf5 8. Be3 ({RR} 8. a3 O-O-O 9. Be3 e5 10. dxe5 Nxe5 11. Nd4 Bg6 12. O-O Be7 13. Qc1 Ne4 14. Nxe4 Bxe4 15. f3 Bd5 16. Nf5 Qe6 17. Nxe7+ Qxe7 18. Re1 Rhe8 19. c4 Bc6 20. Qc3 Qf6 21. Bf2 Re6 22. Rad1 Rde8 {0-1 Pilch,A (1552)-Sliz,K (1776) 19th Baltic Pearl Open A 2023 (3.15)}) 8... e6 9. Qd2 ({RR} 9. O-O h6 10. a3 g5 11. Bd3 Bg7 12. Re1 O-O 13. Qd2 Rfe8 14. Rad1 Rad8 15. g4 Bxd3 16. Qxd3 Ne7 17. Ne4 Qc6 18. Nxf6+ Bxf6 19. Qe2 Ng6 20. c3 b5 21. Bc1 Qd5 22. Qe4 Qxe4 23. Rxe4 c5 {0-1 Savic,M (2518)-Lajthajm,B (2507) Mionica St Nikolay 3rd 2006 (8)}) 9... Nb4 $146 ({RR} 9... O-O-O 10. O-O-O Be7 11. Bf4 Qb4 12. g4 Ne4 13. Nxe4 Bxe4 14. Rhe1 Qa4 15. a3 Bxa3 16. bxa3 Qxa3+ 17. Kb1 Nb4 18. Bc4 Bxc2+ 19. Qxc2 Nxc2 20. Kxc2 Qxf3 21. Bg3 Qc6 22. Kb3 Qb6+ 23. Kc3 {0-1 Louis,A (1827)-Monaville,G (2101) Blagny op 3rd 2011 (3)}) ({RR} 9... Be7 10. Bf4 Qd8 11. g4 Bg6 12. O-O-O Nb4 13. Ne1 h5 14. gxh5 Bxh5 15. Rg1 Bxe2 16. Qxe2 g6 17. Be5 Rxh3 18. a3 Nbd5 19. Nxd5 Qxd5 20. Nd3 Qc4 21. Qd2 O-O-O 22. Nf4 Rh7 23. Qa5 Nd7 24. b3 {0-1 Nurmanova,A (2026)-Caspi,I (2489) Titled Tuesday intern op 29th Sept blitz 2020 (4)}) 10. Rc1 Nbd5 11. Nxd5 Nxd5 12. Bg5 Be7 13. Bxe7 Qxe7 14. c4 Nf6 15. O-O O-O 16. Qe3 Rfe8 17. Ne5 Nd7 18. f4 f6 19. Nxd7 Qxd7 20. Bf3 c6 21. h4 Rad8 22. Rcd1 Qe7 23. Rfe1 Qb4 24. b3 Bg6 25. h5 Bf7 26. h6 g6 27. g4 Qa5 28. g5 e5 29. fxe5 fxe5 30. dxe5 Rxd1 31. Bxd1 Be6 32. a4 Bf5 33. Bf3 Kf7 34. Be4 Ke6 35. Bxf5+ gxf5 36. Rd1 Rd8 37. Rd6+ Rxd6 38. exd6+ Kxd6 39. g6 hxg6 40. h7 1-0